Équipe du Luxembourg de Football - Tous les joueurs (2010-....) - Statistiques

Statistiques générales
  • Ce quiz a été pris 6 fois
  • Le résultat moyen est 6 sur 78
Statistiques - réponses
Première sélection Dernière sélection Joueur Nb de sélections % Correct
2014 Christopher Martins 79
50%
2014 Marvin Martins 41
50%
2017 Daniel Sinani 78
33%
2022 2023 Dejvid Sinani 3
33%
2017 2025 Gerson Rodrigues 72
33%
2018 Leandro Barreiro 71
33%
2017 Olivier Thill 48
33%
2015 Sébastien Thill 43
33%
2016 Vincent Thill 57
33%
2014 Anthony Moris 79
17%
2007 2021 Daniel da Mota 101
17%
2012 2019 David Turpel 51
17%
2016 Dick Carlson 69
17%
2020 Edvin Muratovic 21
17%
2016 Florian Bohnert 59
17%
1993 2010 Jeff Strasser 98
17%
2006 2017 Jonathan Joubert 90
17%
2008 Lars Gerson 100
17%
2012 Laurent Jans 120
17%
2021 Mathias Olesen 36
17%
2020 Mica Pinto 41
17%
2023 Tiago Pereira Cardoso 6
17%
2021 Yvandro Borges Sanches 28
17%
2023 Aiman Dardari 10
0%
2017 2022 Aldin Skenderovic 27
0%
2022 Alessio Curci 19
0%
2010 2010 Amel Cosic 1
0%
2013 2013 Andy May 1
0%
2009 2013 Ante Bukvic 10
0%
2013 2014 Antonio Luisi 6
0%
2005 2019 Aurélien Joachim 80
0%
2006 2016 Ben Payal 73
0%
2010 2013 Billy Bernard 2
0%
2025 Brian Madjo 3
0%
2016 2016 Cédric Sacras 2
0%
2004 2013 Charles Leweck 40
0%
2012 2024 Chris Philipps 57
0%
2024 Christophe Andrade Brites 1
0%
2004 2013 Dan Collette 33
0%
2023 David Jonathans 3
0%
2022 Diogo Pimentel 1
0%
2014 2017 Dwayn Holter 15
0%
2021 Eldin Dzogovic 13
0%
2016 Enes Mahmutovic 41
0%
2002 2014 Eric Hoffmann 88
0%
2016 Eric Veiga 10
0%
2022 Fabio Lohei 4
0%
2005 2013 Gilles Bettmer 58
0%
2009 2013 Guy Blaise 30
0%
2009 2011 Jacques Plein 2
0%
2017 2017 Jan Ostrowski 2
0%
2024 Jayson Videira 1
0%
2005 2011 Joël Kitenge 29
0%
2009 2013 Joël Pedro 9
0%
2019 2019 Kevin Holtz 1
0%
2010 2021 Kevin Malget 36
0%
2005 2010 Kim Kintziger 40
0%
2015 2015 Luca Duriatti 1
0%
2005 2019 Mario Mutsch 102
0%
2008 2013 Massimo Martino 17
0%
2009 2018 Mathias Jänisch 59
0%
2011 2022 Maurice Deville 61
0%
2013 2024 Maxime Chanot 72
0%
2010 2010 Michel Kettenmeyer 2
0%
2024 Mirza Mustafic 1
0%
2016 2024 Ralph Schon 19
0%
2000 2013 René Peters 91
0%
2015 2017 Ricardo Delgado 10
0%
2020 Seid Korac 19
0%
2022 Sofiane Ikene 2
0%
2008 2020 Stefano Bensi 55
0%
2017 2020 Tim Hall 4
0%
2020 Timothé Rupil 12
0%
2009 2016 Tom Laterza 34
0%
2004 2016 Tom Schnell 48
0%
2011 2011 Tom Siebenaler 1
0%
2019 Vahid Selimovic 14
0%
2013 2014 Yannick Bastos 5
0%
Aucun quiz correspondant
Distribution des résultats
% des personnes avec chaque résultat
Percentile par nombre de réponses
Votre historique - résultats
Vous n’avez pas pris ce quiz